000 00944nam a22002657a 4500
999 _c528156
_d528156
003 NUST
008
038 _aM.Ramzan
040 _aDLC
_cDLC
_dDLC
050 0 0 _aTE213
_b.A7 1948
082 _a627.5
_bOHI
110 2 _aArmco Drainage and Metal Products Inc. [from old catalog]
_919738
245 1 0 _aHandbook of culvert and drainage practice;
_bfor the solution of surface and subsurface drainage problems.
260 _aMiddletown, OH :
_bArmco International Corp.,
300 _ax, 474, [46] p. :
_bill., maps. ;
_c19 cm.
500 _aIncludes index.
500 _a"A revision of Armco Drainage Products Association's Handbook of culvert and drainage practice."
650 0 _aCulverts.
_93093
650 0 _aDrainage.
_919739
710 2 _aArmco Drainage Products Association.
_919740
906 _a0
_bcbc
_cpremunv
_d3
_encip
_f19
_gy-gencatlg
942 _2ddc
_cBK